Punto muerto (Registro nro. 1051)
[ vista simple ]
| 000 -LEADER | |
|---|---|
| campo de control de longitud fija | 00855ngm a2200265Ia 4500 |
| 001 - NÚMERO DE CONTROL | |
| campo de control | CINE01007 |
| 003 - IDENTIFICADOR DE NÚMERO DE CONTROL | |
| campo de control | EcQuCN |
| 005 - FECHA Y HORA DE LA ÚLTIMA TRANSACCIÓN | |
| campo de control | 20240205100034.0 |
| 006 - CÓDIGOS DE INFORMACIÓN DE LONGITUD FIJA--CARACTERÍSTICAS DEL MATERIAL ADICIONAL | |
| campo de control de longitud fija | a||||gr|||| 00| mz |
| 007 - CAMPO FIJO DE DESCRIPCIÓN FÍSICA--INFORMACIÓN GENERAL | |
| campo de control de longitud fija | mc nfubzzgazauz|c201508 |
| 008 - DATOS DE LONGITUD FIJA--INFORMACIÓN GENERAL | |
| campo de control de longitud fija | 150827s ec ||||g |||| 00| mzspa d |
| 040 ## - FUENTE DE CATALOGACIÓN | |
| Centro catalogador/agencia de origen | EcQuCN |
| 084 ## - OTRO NÚMERO DE CLASIFICACIÓN | |
| Número de clasificación | VHSER0059.4 - DVDER932.4 |
| 245 10 - MENCIÓN DEL TÍTULO | |
| Título | Punto muerto |
| Mención de responsabilidad, etc. | Producida por: Marco Encalada - Estudios Kino |
| 260 ## - PUBLICACIÓN, DISTRIBUCIÓN, ETC. | |
| Lugar de publicación, distribución, etc. | Quito |
| Nombre del editor, distribuidor, etc. | Cinemateca Nacional |
| Fecha de publicación, distribución, etc. | 1993 |
| 300 ## - DESCRIPCIÓN FÍSICA | |
| Extensión | 25 minutos. |
| 380 ## - FORMA DE LA OBRA | |
| Forma de la obra | Ficción |
| 500 ## - NOTA GENERAL | |
| Nota general | Intérpretes: Totty Rodríguez, Alexis Puertas, Marisol Romero, Angel Pinto |
| 516 ## - NOTA DE TIPO DE ARCHIVO DE ORDENADOR O DE DATOS | |
| Nota de tipo de archivo de ordenador o de datos | VHS - DVD |
| 520 1# - RESUMEN, ETC. | |
| Sumario, etc. | Mujer cuenta a la doctora el por qué se encuentra en esta institución de reclusión. |
| 522 ## - NOTA DE ÁMBITO GEOGRÁFICO | |
| Nota de ámbito geográfico | Quito / Pichincha |
| 650 #4 - PUNTO DE ACCESO ADICIONAL DE MATERIA--TÉRMINO DE MATERIA | |
| Término de materia o nombre geográfico como elemento de entrada | VIDA COTIDIANA |
| 700 1# - ENTRADA AGREGADA--NOMBRE PERSONAL | |
| Nombre de persona | Encalada,Marco - Estudios Kino |
| Término indicativo de función/relación | productor |
| 942 ## - ELEMENTOS DE ENTRADA SECUNDARIOS (KOHA) | |
| Fuente del sistema de clasificación o colocación | Otra/Esquema de Clasificación Genérico |
| Tipo de ítem Koha | Fílmico |
| Estatus | Estado de pérdida | Fuente del sistema de clasificación o colocación | Estado de daño | No para préstamo | Código de colección | Biblioteca de origen | Biblioteca actual | Fecha de adquisición | Fuente de adquisición | Total de préstamos | Código de barras | Visto por última vez | Copia número | Precio de reemplazo | Nota no pública | Signatura topográfica completa | Tipo de ítem Koha |
|---|---|---|---|---|---|---|---|---|---|---|---|---|---|---|---|---|---|
| Otra/Esquema de Clasificación Genérico | F. General | Biblioteca Cinemateca | Biblioteca Cinemateca | 2015-08-27 | Cinemateca Nacional | CN-1007 | 2015-08-27 | Ej.1 | 2023-02-21 | Migración | VHSER0059.4 - DVDER932.4 | Casete VHS |
